Harry Potter and the Sorcerer's Stone Quiz - Statistics

General Stats
  • This quiz has been taken 97 times
  • The average score is 12 of 12
Answer Stats
Question Answer % Correct
What is Quidditch? A game where you ride on broomsticks and try to score goals with a ball
100%
Which House did Harry, Hermione, and Ron get placed in? Gryffindor
100%
What was the Dragon named? (In the first volume not the dragon's later name) Norbert
100%
Who tried to steal the Sorcerer's Stone? Professor Quirrell
100%
Who is Harry's least favorite teacher? Professor Snape
100%
At first, who did Harry think tried to steal the Sorcerer's Stone? Professor Snape
100%
What position in Quidditch does Harry play on? Seeker
100%
How did the person who opened the chamber of secrets hide Voldemort on his head? With a turban
100%
Who challenges Harry to a duel? Draco Malfoy
96%
How did Hermione stop the person who was sabotaging Harry's Quidditch game? She used her wand to set fire to their robes
96%
What is the name of the mirror Harry could see his parents in? The Mirror of Erised
91%
What kind of dragon did Hagrid have? Norwegian Ridgeback Dragon
87%
No matching quizzes found
Score Distribution
Percent of People with Each Score
Percentile by Number Answered
Your Score History
You have not taken this quiz